Historia del Diablo: siglos XII-XX
Saved in:
| Hovedforfatter: | |
|---|---|
| Format: | Bog |
| Sprog: | spansk |
| Udgivet: |
Ciudad de México
Fondo de Cultura Económica
2002
|
| Udgivelse: | 2a. ed |
| Fag: | |
| Tags: |
Tilføj Tag
Ingen Tags, Vær først til at tagge denne postø!
|
MARC
| LEADER | 00000cam a2200000 a 4500 | ||
|---|---|---|---|
| 001 | UCG8303 | ||
| 003 | CL-VaPUC | ||
| 008 | 111202e20020000MX |||||||||||||||||spa|d | ||
| 020 | |a 9789681665579 | ||
| 082 | 0 | 4 | |a 235.4 |b MUC |2 21 |
| 100 | |a Muchembled, Robert |e autor |9 559279 | ||
| 245 | 1 | 0 | |a Historia del Diablo: siglos XII-XX |
| 250 | |a 2a. ed | ||
| 300 | |a 360 p | ||
| 942 | |c BK | ||
| 945 | |d 20111202 00:00:00 |a dcastane | ||
| 260 | |a Ciudad de México |b Fondo de Cultura Económica |c 2002 | ||
| 650 | 0 | |a Demonología |9 314401 | |
| 650 | 7 | |a SATANISMO |2 CL-VaPUC |9 397991 | |
| 650 | 0 | |a Creencia Religiosa |9 316904 | |
| 583 | |a last modification |c 20111202 14:14:00 |k Rodrigo Vera | ||
| 999 | |c 345922 |d 345920 | ||
| 952 | |0 0 |1 0 |4 0 |6 235_400000000000000_MUC_2002 |7 0 |8 A |9 446309 |a BIBART |b BIBART |d 2019-11-22 |i 4808541 |l 1 |o 235.4 MUC 2002 |p 4808541 |r 2025-03-13 |s 2022-07-07 |w 2019-11-22 |y BK |k ART | ||